Object oriented programming with c++ / (Record no. 193388)
[ view plain ]
| 000 -LEADER | |
|---|---|
| fixed length control field | 00744nam a2200217Ia 4500 |
| 005 - DATE AND TIME OF LATEST TRANSACTION | |
| control field | 20240926132700.0 |
| 008 - FIXED-LENGTH DATA ELEMENTS--GENERAL INFORMATION | |
| fixed length control field | 210716s2007 xx 000 0 und d |
| 020 ## - INTERNATIONAL STANDARD BOOK NUMBER | |
| International Standard Book Number | 9780198065302 |
| 040 ## - CATALOGING SOURCE | |
| Transcribing agency | AIMIT LIBRARY |
| 041 ## - LANGUAGE CODE | |
| Language code of text/sound track or separate title | eng |
| 082 ## - DEWEY DECIMAL CLASSIFICATION NUMBER | |
| Classification number | 005.13311 |
| Edition number | 2 |
| Item number | SAHS |
| 100 ## - MAIN ENTRY--PERSONAL NAME | |
| Personal name | Sahay, Sourav. |
| 9 (RLIN) | 180348 |
| 245 ## - TITLE STATEMENT | |
| Title | Object oriented programming with c++ / |
| Statement of responsibility, etc. | By Sourav Sahay. |
| 250 ## - EDITION STATEMENT | |
| Edition statement | 2nd ed. |
| 260 ## - PUBLICATION, DISTRIBUTION, ETC. | |
| Place of publication, distribution, etc. | New Delhi : |
| Name of publisher, distributor, etc. | Oxford University Press ; |
| Date of publication, distribution, etc. | 2012. |
| 300 ## - PHYSICAL DESCRIPTION | |
| Extent | xvi,463p. ; |
| Other physical details | PB |
| Dimensions | 24 cm. |
| 650 ## - SUBJECT ADDED ENTRY--TOPICAL TERM | |
| Topical term or geographic name entry element | Virtual functions and dynamic polymorphism |
| 9 (RLIN) | 180349 |
| 650 ## - SUBJECT ADDED ENTRY--TOPICAL TERM | |
| Topical term or geographic name entry element | Stream and file handling |
| 9 (RLIN) | 180350 |
| 650 ## - SUBJECT ADDED ENTRY--TOPICAL TERM | |
| Topical term or geographic name entry element | Operator overloading type conversion new style casts and Rtti |
| 9 (RLIN) | 180351 |
| 942 ## - ADDED ENTRY ELEMENTS (KOHA) | |
| Source of classification or shelving scheme | Dewey Decimal Classification |
| Koha item type | Book |
| Edition | 2nd ed. |
| Call number prefix | 005.13311 SAHS |
| Withdrawn status | Lost status | Source of classification or shelving scheme | Damaged status | Not for loan | Collection code | Home library | Current library | Source of acquisition | Cost, normal purchase price | Inventory number | Total Checkouts | Full call number | Barcode | Date last seen | Cost, replacement price | Price effective from | Koha item type | Date last checked out |
|---|---|---|---|---|---|---|---|---|---|---|---|---|---|---|---|---|---|---|
| Dewey Decimal Classification | MCA | St Aloysius Institute of Management & Information Technology | St Aloysius Institute of Management & Information Technology | Knowledge World | 325.00 | Bill no:1616; Bill dt:2013-05-20 | 005.13311 SAHS | MCA12896 | 07/21/2025 | 243.75 | 07/16/2021 | Book | ||||||
| Dewey Decimal Classification | MCA | St Aloysius Institute of Management & Information Technology | St Aloysius Institute of Management & Information Technology | Knowledge World | 325.00 | Bill no:1790; Bill dt:2013-12-05 | 2 | 005.13311 SAHS | MCA13283 | 07/21/2025 | 243.75 | 07/16/2021 | Book | 05/07/2024 |